01179cam a22003137a 45000010005000000030006000050050017000110080041000280100017000690200025000860200018001110200022001290350024001510400023001750420014001980500023002120820014002351000018002492450031002672600035002983000024003335050008003575200327003655210030006925210019007226500040007416500048007816500036008292346FISKH20240905104413.0131106s2012 nyu j 000 1 eng d a 2012418744 a9780545371735 (pbk.) a9780545371742 a0545371732 (pbk.) a(OCoLC)ocn829674408 aZQPcZQPdDLCbeng alccopycat00aPZ7.R9516bSp 201204a813.62221 aWest, Tracey 10aSpy academy /cTracey West aNew York :bScholastic,c2011. a85 pages ;c20 cm. aJ  aZack Pearce is thrilled to be attending St. Perfidious Yearling Academy, known to its students as Spy Academy, but when he is accused of being a double agent from St. Perfidious's rival the ROGUE School, Zack wonders if he can uncover the real double agent before it's too late, and if anyone will believe him if he does. 0 a470 bLexile Adjusted 0 aJ bRaz-Plus  0aBoarding schoolsvJuvenile fiction. 0aBoarding school studentsvJuvenile fiction. 0aBrainwashingvJuvenile fiction.